000 00610nam a2200181Ia 4500
005 20250423100808.0
008 250422s9999 xx 000 0 und d
020 _a9782461962
050 _aBL 65.P7 .K85/
100 _aKukah, M. H.
245 0 _aReligion, politics and power in Northern Nigeria
260 _aIbadan, Nigeria
260 _bSpectrum Books Limited
260 _c1993
300 _a280 p
650 _aReligion and politics--Nigeria, Northern. Religion and state--Nigeria, Northern. Power (Social sciences)--Nigeria, Northern. Nigeria, Northern--Politics and government.
942 _cBK
999 _c34363
_d34363